Stupid Food Jokes Quiz Stats

Quiz Updated Aug 4, 2015

Challenge
Share
Tweet
Embed
Score 0/25 Timer 07:00
1 Play Today
% Correct
Despresso.
94.7%
Fry-day.
94.6%
An impasta.
94.3%
A blueberry.
93.5%
He let out a little wine.
93.4%
Pulled pork.
93.1%
Ground beef.
92.3%
It was an Oscar Wiener.
92.3%
A collie-flower.
92.3%
It was feeling crumby.
92.2%
Never mind, it's too cheesy.
92.1%
Pi a la mode.
92.1%
There wasn't mushroom.
92%
% Correct
He saw the salad dressing.
92%
One was assaulted.
91.8%
He just flipped.
91.7%
Katy Peary
90.1%
Anything, just butter him up.
89.9%
Never a dill moment.
89.8%
It was soda-pressing.
89.1%
Elvis Parsley.
89%
I think, therefore I yam.
87.3%
He needed a filling.
87.2%
Awww, shucks!
86.5%
All that was left was de brie.
82.4%

You're not logged in!

Compare scores with friends on all Sporcle quizzes.
Sign Up with Email
OR
Log In

You Might Also Like...

Show Comments

Extras

Top Quizzes Today


Score Distribution

Your Account Isn't Verified!

In order to create a playlist on Sporcle, you need to verify the email address you used during registration. Go to your Sporcle Settings to finish the process.

Report this User

Report this user for behavior that violates our Community Guidelines.

Details: